LEADER 01318nam 2200349 450 001 996575077203316 005 20231213213047.0 010 $a1-5044-9205-6 024 7 $a10.1109/IEEESTD.2022.10014667 035 $a(CKB)4100000012901148 035 $a(NjHacI)994100000012901148 035 $a(EXLCZ)994100000012901148 100 $a20231213d2023 uy 0 101 0 $aeng 135 $aur||||||||||| 181 $ctxt$2rdacontent 182 $cc$2rdamedia 183 $acr$2rdacarrier 200 10$a802.15.4-2020/Cor 1-2022 - IEEE Standard for Low-Rate Wireless Networks$hCorrigendum 1$iCorrection of Errors Preventing Backward Compatibility /$fInstitute of Electrical and Electronics Engineers 210 1$aNew York, USA :$cIEEE,$d2023. 215 $a1 online resource (22 pages) 330 $aErrors, inconsistencies, and ambiguities in IEEE Std 802.15.4-2020 and its amendments are corrected in this corrigendum. 517 $a802.15.4-2020/Cor 1-2022 - IEEE Standard for Low-Rate Wireless Networks Corrigendum 1 606 $aPersonal area networks (Computer networks) 615 0$aPersonal area networks (Computer networks) 676 $a004.68 801 0$bNjHacI 801 1$bNjHacl 906 $aBOOK 912 $a996575077203316 996 $a802.15.4-2020$93881953 997 $aUNISA